000 00547nam a22001937a 4500
005 20170425112344.0
008 170425b xxu||||| |||| 00| 0 eng d
020 _a9789350002377
_c₹ 995.00
040 _aLoreto College
041 _aHindi
082 _a491.43
_bRAT
245 _aNew Vani dictionary
_cEdited by Ratnakar Lal, Anil Govindan and Shradhya
260 _aNew Delhi
_bVani Prakashan
_c2010
300 _a1200 p.
_b24cm
650 _aDictionary- English to Hindi
700 _4ed.
_aRatnakar, Lal
850 _aLCLIB
942 _cBK
999 _c41038
_d91517